Rock Bands By Song - Statistics

General Stats
  • This quiz has been taken 170 times
  • The average score is 11 of 15
Answer Stats
Song Band % Correct
Another One Bites the Dust Queen
96%
American Idiot Green Day
88%
Here Comes The Sun The Beatles
86%
Smoke on the Water Deep Purple
84%
You Shook Me All Night Long AC/DC
83%
Dream On Aerosmith
81%
Paradise City Guns N' Roses
81%
Immigrant Song Led Zeppelin
79%
Heart-Shaped Box Nirvana
76%
Killing In The Name Rage Against The Machine
61%
Welcome to the Black Parade My Chemical Romance
58%
Born to Be Wild Steppenwolf
56%
Go Your Own Way Fleetwood Mac
54%
The Pretender Foo Fighters
52%
One Step Closer Linkin Park
34%
No matching quizzes found
Score Distribution
Percent of People with Each Score
Percentile by Number Answered
Your Score History
You have not taken this quiz